IEP Lyon - CF Histoire 1870 (2) - Statistiques

Statistiques générales
  • Ce quiz a été pris 72 fois
    70 depuis la dernière actualisation
  • Le résultat moyen est 34 sur 71
Statistiques - réponses
Hint Réponse % Correct
Les principes républicains sont hérités des ... (vision de l'humain doué de raison, droits naturels et une vision de la connaissance selon laquelle la raison humaine est en mesure de découvrir les lois immuables du monde Lumières
88%
Et aussi du ... de Comte : l'âge de la science, de la certitude associée à la République. --> importance du rôle de l'éducation --> importance de la laïcité et d'une morale républicaine positivisme
88%
Nom de la figure féminine qui représente la République (utilisée pendant le 2nd empire où elle permettait de contourner la censure). Plusieurs versions plus ou moins pacifiques. Marianne
84%
Pour voter, il faut avoir au moins ..ans. Le vote se fait dans la commune durant une journée fériée spécialement pour l'occasion. 21
81%
Cela fonde le projet social républicain qui passe par des loi comme les lois protectrices pour les ... (-12 ans en 1874; 10h par jour en 1892) (un mot au pluriel) enfants
78%
Dans ce cadre, les individus ont des droits et obligations qui fonctionnent sur le mode de "quasi-..." passé tacitement. contrat
72%
Qui est l'historien emblématique de la République, surnommé "l'instituteur national", qui interprète l'histoire comme un "roman national" en mettant en avant les évènements qui rassemblent les français ? Ernest Lavisse
72%
La loi du 28 mars 1882 rend l'enseignement primaire ... et ... (l'un ou l'autre) obligatoire/laïque
72%
Diffusion de la République dans la caserne : en 1885, les casernes doivent avoir un portrait du ... et un tableau des officiers morts sous les drapeaux président
72%
- la massification de la ... avec les industries et les techniques qui ont beaucoup progressé (utilisation pubs, journaux à prix bas...) presse
72%
Léon Bourgeois en 1896 formalise le ... (doctrine sociale pour la République selon lequel les individus sont liés par leur contemporain et entre générations) solidarisme
72%
Le ... devient habituel pour les français en raison de la succession d'élections (120 élections partielles entre 1871 et 1875). "la politique tirée du suffrage universel" dit Gambetta vote
72%
En quelle année le 14 juillet est-il adopté comme fête nationale ? (ref à la fois à la prise de la Bastille mais aussi à la fête de la fédération en 1790; aussi un moyen de s'opposer au calendrier religieux) 1880 (6 juillet)
66%
En quelle année la Marseillaise devient-elle l'hymne national ? (d'abord écartée dans les 1ères années du régime, retour à la loi de 1795 qui la mettait comme chant officiel de la Révolution) 1879 (14 février)
63%
Cela est visible dans la réalité de l'... : - la méritocratie et égalité entre les élèves s'oppose à la réalité - ne s'adresse qu'à une partie de la population - publique/privée école
63%
C'est un scrutin ... : identification claire du candidat. Le dépouillement a lieu directement après le scrutin depuis 1876. uninominal
63%
Donner un exemple d'affaire de corruption dans les années 1880-1890 (écrire le nom) Union générale (1882-1883) / décorations (1887) / Panama (1892-3)
63%
Maurice Agulhon (La République au village, 1970) considère que les français ont commencé à devenir républicains dès .... car la 2ème République (suffrage universel) a ouvert un débat général sur ce que doit être la République. Mais critique avec le principe de "descente de la politique sur les populations" (donner l'année) 1848
59%
Les réunions publiques sont autorisées en ... : permettent la proximité, la diffusion d'idées/programmes, habituent citoyens à la discussion, s'identifient à une famille politique 1881
59%
L'... est hostile à la République dans les 1870s mais son appui est nécessaire (notamment durant la Commune). On lui interdit de s'exprimer (surnommée "la grande muette") armée
59%
La loi du 24 juillet 1873 institue le système de ... quadrillant le territoire (18 régions militaires qui on chacun leur bureau de recrutement) conscriptions
59%
Les lois ... institutionnalisent l'universalité de l'instruction. Les écoles ne sont pas mixtes. Jules Ferry
59%
Le principe de ... possède des visions différentes parmi les républicains mais il s'agit de combattre la violence politique et sociale de l'Eglise laïcité
59%
La République cherche à maintenir l'ordre en prenant appui sur des groupes professionnels (gendarmerie, police) avec une certaine ... lors des manifestations répression
59%
Le service militaire est établi en ... (5ans, tirage au sort), parmi les jeunes gens de 20 à 25 ans. 1872
56%
Sur le plan local, l'implantation républicaine passe par des acteurs qui sont des ... ruraux (médecins de campagne, instituteurs..) notables
56%
La loi sur la libéralisation de la presse date de .... : apparition de petites publications, la presse devient un secteur économique à part entière. 1881
53%
Mais le changement de pape (Léon 13) avec son Encyclique rédigée en ... (année de la fondation du parti Union de la France Chrétienne) qui engage les catholiques à participer aux affaires de l'Etat et donc de soutenir le régime autre exemple : toast d'Alger en 1890 1891
53%
En quelle année apparaît le système d'enveloppe et l'isoloir ? 1913
53%
Les acteurs culturels comme les ... (vendeurs de rue qui rythment le temps de la rue en criant les titres) camelots
53%
D'après Daniel Halevy, on a une "République des ..." qui précèdent les partis politiques en rassemblant des militants, organisant des campagnes électorales... comités
53%
La République reste profondément ... (femmes, étrangers, chances entre les élèves) inégalitaire
53%
Eugène ... (La fin des terroirs, 1983) montre que la politisation des français est bcp plus tardive (1880s) car presse de masse, des transports plus dense permettant aux Français d’avoir accès à une opinion plus générale. (son nom est ez) Weber
53%
Nommer des lieux particuliers où ont lieu la politisation. mairie / école / monument / rue / statue
50%
Chez les catholiques, il y une ... de fond à la République depuis la Révolution qui s'est radicalisée au milieu du 19ème siècle avec les positions de Pie IX (conservateur) opposition
50%
La loi de protection contre les accidents du travail du 9 avril .... va lancer l'idée d'une asymétrie entre le travailleur et l'entrepreneur 1898
47%
Quels conditions sont réunies pour structurer une opinion publique cohérente ? - l'... (grâce à l'instruction primaire) alphabétisation
47%
La culture politique ... reste clandestine car ses organisations sont interdites après la Commune. Mais fin 1870s des groupes commencent à s'organiser (1879 1er parti), s'opposent frontalement au pouvoir républicain. Multiplication des syndicats après 1884. ouvrière
47%
On a des ... de passage comme la fête des conscrits qui participent de la folklorisation du recrutement (un mot au pluriel) rites
47%
Exemple d'une manifestation réprimée dans le sang le 1er mai 1891 : (donner le nom) Fourmies
44%
L'école uniformisante s'adapte constamment aux circonstances ... (souvent les instituteurs parlent en patois) locales
44%
Quel auteur qualifie les symboles républicains de "véritable stratégie de la mémoire" ? Pierre Nora
44%
De quel auteur vient la notion de "culture politique" ? Serge Berstein
44%
D'autre supports comme la ... qui est imprimée en grande quantité joue un grand rôle, elle devient une denrée consommable qui est vendue. chanson
41%
La politique locale induit une ... forte entre élus et électeurs --> pratiques clientélistes. proximité
41%
Autour de qui s'organisent les libéraux ? Adolphe Thiers
38%
Les travailleurs ... (mobilité de travail très importante selon les saisons et les activités) -> diffusion d'idées du fait de leurs déplacements (ex: Martin Nadau député Creuse mais aussi agriculteur) migrants
38%
L'auteur précédent et Odil Rudelle parlent de ... républicain : un écosystème dans lequel les représentations /pratiques sociales forment un tout en symbiose les uns avec les autres. modèle
38%
La loi du .. ... ... rend l'enseignement primaire gratuit (jour mois année) 16 juin 1881
34%
Les quotidiens de masse apparaissent dans les années .... 1860
34%
En 1840 : 4k communes sur 36k n'ont pas d'école. En ..., la quasi-totalité des conscrits savent lire et écrire. 1870
34%
En 1913, seul ..% des plus de 13 ans continuent leur parcours scolaire. 7
34%
La politisation passe aussi par des ... diverses (ligues, sociétés..etc) associations
34%
Les institutions sociales de la 3ème République se développe avec l'... .... où l'instituteur (fonctionnaire depuis 1882) donne l'éducation républicaine. (2 mots) école primaire
34%
Les libéraux veulent préserver un ... social et économique --> politique du juste milieu équilibre
34%
Entre 1870 et 1914 on passe de 1.4M à ...M de tirages quotidiens 9
31%
La culture politique ... est totalement mise de côté : prône un retour à une société d'ordres en s'appuyant sur la tradition/religion et refuse la Révolution et la République. (contre-société dans les 1880-90) réactionnaire
28%
Mais le ralliement est limité, les catholiques restent ... (au pluriel) divisés
25%
Les pratiques d'... sur la presse font partie du fonctionnement habituel de la vie républicaine (journal partisan) influence
25%
Qui a écrit Jean Santeuil dans lequel on suit la vie d'un instituteur, ce qui renvoie à la culture de la 3ème République ? Marcel Proust
25%
La corruption est beaucoup moins clair avec le concept défini comme "toute activité politique (au sens large) qui est destinée à augmenter le pouvoir individuel de l'acteur ou à lui faire engranger des bénéfices économiques" Quel est le nom de cette pratique ? micropolitique
25%
Les Français sont devenus républicains car le régime s’est appuyé sur des modes de ... qui virtuellement, pouvaient, s’adresser à tout le monde (école, presse de masse…) diffusion
22%
D'après les libéraux, attachés aux libertés individuelles, il faut des ... qui encadrent le suffrage universel. --> politique conservatrice élites
22%
Au contraire, l'instituteur est vu comme une figure négative de celui qui déracine dans Les Déracinés de quel auteur ? Maurice Barrès
22%
Cette notion de culture politique est composée d'une ... du monde et de l'individu, un équilibre institutionnel et des ... culturels (2 mots à écrire à la suite) vision intermédiaires
22%
Qui a écrit "Cette perversion de l'esprit démocratique, cet ahurissement de tout un peuple né intelligent, cette contamination des âmes simples parce ce qu'il y a de plus mauvais dans les âmes autorisées, vêtues d'autorité, avait sa formule facile dans ce commencement de phrase: 'Léon Gambetta, fils d'un petit épicier de Cahors', formule que l'on nous disait avec bonheur et que j'ai entendue tout petit, assis sur les bancs de l'école primaire" --> citation qui montre que le modèle républicain peut consister en une formule magique qui masque les déceptions qui vont nourrir les crises de la République Charles Péguy
19%
La politique de ... (emplois publics, allègement fiscal, bourse..) constitue le terreau pour des affaires de corruption. faveurs
19%
Il y a une ... forte entre les milieux politiques et financiers avec une multitude de contacts. imbrication
19%
Avec la loi du 9 mars 1878, les ... ont le droit de vendre des journaux/affiches/illustrations. Les militants propagandistes font la même en allant de village en village pour convaincre les gens. colporteurs
16%
La durée de scolarisation moyenne ... augmente
13%
Les Français sont aussi devenus républicains par ... et par la force du nombre (contestations fortes mais reste car est le régime qui répond le mieux aux attentes collectives de la population). conformisme
9%
Aucun quiz correspondant
Distribution des résultats
% des personnes avec chaque résultat
Percentile par nombre de réponses
Votre historique - résultats
Vous n’avez pas pris ce quiz depuis la dernière actualisation